[Event "I Torneo Hotel Astoria A"]
[Site "Riva del Garda ITA"]
[Date "2003.12.26"]
[Round "1"]
[White "Gehrke, Rolf"]
[Black "Brunello, Sabino"]
[Result "1/2-1/2"]
[WhiteElo "2104"]
[BlackElo "2206"]
[PlyCount "58"]
[EventDate "2003.12.26"]

1. Nf3 Nf6 2. c4 e6 3. Nc3 d5 4. d4 Be7 5. e3 Nbd7 6. cxd5 exd5 7. Bd3 O-O 8.
O-O c6 9. Bd2 Bd6 10. Rc1 Re8 11. Ne2 Ne4 12. Ng3 Ndf6 13. b4 Bg4 14. b5 c5 15.
dxc5 Nxc5 16. Bf5 Bxg3 17. Bxg4 Nxg4 18. Rxc5 Bd6 19. Rc1 Qd7 20. Bc3 Qxb5 21.
h3 Ne5 22. Nxe5 Bxe5 23. Bxe5 Rxe5 24. Qd4 Re4 25. Rc5 Rxd4 26. Rxb5 Rd2 27.
Rxb7 Rxa2 28. Rc1 Rf8 29. Rcc7 29... a6 {...} 1/2-1/2

[Event "I Torneo Hotel Astoria A"]
[Site "Riva del Garda ITA"]
[Date "2003.12.26"]
[Round "1"]
[White "Luetke, Jens"]
[Black "Dalponte, Dino"]
[Result "1-0"]
[WhiteElo "2299"]
[BlackElo "2134"]
[PlyCount "121"]
[EventDate "2003.12.26"]

1. e4 d6 2. d4 Nf6 3. Nc3 g6 4. f4 Bg7 5. e5 Nfd7 6. Nf3 O-O 7. h4 c5 8. h5
cxd4 9. Qxd4 Nc6 10. Qf2 dxe5 11. hxg6 e6 12. gxf7+ Rxf7 13. Ng5 Qxg5 14. fxg5
Rxf2 15. Kxf2 Nb4 16. Bc4 Nb6 17. Bb3 Bd7 18. Ne4 Rf8+ 19. Kg3 N4d5 20. Bd2 Nf4
21. Rae1 Nbd5 22. Bxd5 exd5 23. Nf6+ Bxf6 24. gxf6 Ng6 25. Ref1 Rf7 26. c3 Bb5
27. Rf2 Nf8 28. Rh5 Ng6 29. Be3 a6 30. Rd2 Bc6 31. Rf5 Bd7 32. Rf1 Be6 33. Bg5
Rc7 34. Rfd1 Rc4 35. Be3 Rg4+ 36. Kf2 Kf7 37. Rxd5 Bxd5 38. Rxd5 Kxf6 39. Rd6+
Kf5 40. Rb6 Ke4 41. Rxb7 Kd3 42. Rd7+ Kc2 43. Rd2+ Kb1 44. b3 Nh4 45. Kf1 Nf5
46. Bf2 e4 47. Rd5 Ng3+ 48. Bxg3 Rxg3 49. Ra5 Rxc3 50. Rxa6 Kc2 51. Ke2 Rg3 52.
b4 Rxg2+ 53. Ke3 Rg4 54. b5 Kc3 55. b6 Rg7 56. a4 Kc4 57. Ra7 Rg3+ 58. Kxe4 Kc5
59. b7 Rb3 60. a5 Kc6 61. a6 1-0

[Event "I Torneo Hotel Astoria A"]
[Site "Riva del Garda ITA"]
[Date "2003.12.26"]
[Round "1"]
[White "Sbarra, Marco"]
[Black "Cappai, Davide"]
[Result "1/2-1/2"]
[WhiteElo "2235"]
[BlackElo "2105"]
[PlyCount "46"]
[EventDate "2003.12.26"]

1. e4 c5 2. Nf3 Nc6 3. Bb5 g6 4. Bxc6 dxc6 5. d3 Bg7 6. h3 h6 7. Nc3 b6 8. Be3
e5 9. O-O g5 10. Ne2 Qf6 11. b4 cxb4 12. d4 Qg6 13. Ng3 Ba6 14. Re1 O-O-O 15.
Nf5 exd4 16. N3xd4 Be5 17. c3 bxc3 18. Qa4 Kb7 19. Rac1 c5 20. Nf3 Qe6 21. Bxc5
Bf4 22. Be3 Bb8 23. Rxc3 23... Nf6 {...} 1/2-1/2

[Event "I Torneo Hotel Astoria A"]
[Site "Riva del Garda ITA"]
[Date "2003.12.26"]
[Round "1"]
[White "Trauth, Michael"]
[Black "Radice, Luca"]
[Result "1-0"]
[WhiteElo "2202"]
[BlackElo "2088"]
[PlyCount "35"]
[EventDate "2003.12.26"]

1. Nf3 d5 2. c4 e6 3. g3 Nf6 4. Bg2 c5 5. O-O Nc6 6. b3 Be7 7. e3 O-O 8. Bb2 d4
9. exd4 cxd4 10. Re1 d3 11. Ne5 Nb4 12. Na3 Qa5 13. Qf3 Rb8 14. Rec1 Bc5 15.
Nb5 Nc2 16. Rab1 Qxa2 17. Nxd3 Be7 18. Be5 1-0

[Event "I Torneo Hotel Astoria A"]
[Site "Riva del Garda ITA"]
[Date "2003.12.27"]
[Round "2"]
[White "Braghetta, Sergio"]
[Black "Schaefer, Reyk"]
[Result "1-0"]
[WhiteElo "2255"]
[BlackElo "2163"]
[PlyCount "50"]
[EventDate "2003.12.26"]

1. e4 c6 2. d4 d5 3. e5 g6 4. c4 h5 5. Nc3 Be6 6. Qb3 Qb6 7. c5 Qc7 8. Nf3 Nh6
9. Bd3 Bf5 10. Ne2 e6 11. O-O Nd7 12. Bg5 b6 13. cxb6 axb6 14. Nh4 c5 15. Bb5
Ra5 16. a4 Qa7 17. Bf6 Rg8 18. Bg5 Qc7 19. Rfc1 Be7 20. Bxe7 Kxe7 21. Ng3 Qd8
22. Bxd7 Kxd7 23. Nhxf5 Nxf5 24. dxc5 Rxc5 25. Rxc5 bxc5 1-0

[Event "I Torneo Hotel Astoria A"]
[Site "Riva del Garda ITA"]
[Date "2003.12.27"]
[Round "2"]
[White "Lucchese, Paolo"]
[Black "Horn, Peter"]
[Result "0-1"]
[WhiteElo "1884"]
[BlackElo "2173"]
[PlyCount "54"]
[EventDate "2003.12.26"]

1. e4 d5 2. exd5 Qxd5 3. Nc3 Qa5 4. d4 c6 5. Nf3 Bf5 6. Bd2 e6 7. Bc4 Nf6 8.
O-O Qc7 9. h3 Nbd7 10. Re1 O-O-O 11. Bf1 h6 12. a3 g5 13. g4 Bg6 14. b4 h5 15.
Nxg5 hxg4 16. Nce4 gxh3 17. Qf3 Nxe4 18. Nxe4 Bh6 19. Bxh6 Rxh6 20. Ng3 Rh4 21.
c3 Rdh8 22. Bd3 h2+ 23. Kg2 Bxd3 24. Qxd3 Nf6 25. Qf3 Nd5 26. Re4 h1=Q+ 27.
Rxh1 Rxh1 0-1

[Event "I Torneo Hotel Astoria A"]
[Site "Riva del Garda ITA"]
[Date "2003.12.27"]
[Round "2"]
[White "Roski, Ferdinand"]
[Black "Braschi, Giancarlo"]
[Result "1-0"]
[WhiteElo "2173"]
[BlackElo "2138"]
[PlyCount "61"]
[EventDate "2003.12.26"]

1. Nf3 c5 2. g3 Nc6 3. Bg2 g6 4. O-O Bg7 5. e4 e5 6. d3 Nge7 7. Be3 b6 8. Qd2
Bb7 9. Bh6 O-O 10. Bxg7 Kxg7 11. Nc3 d5 12. Rae1 dxe4 13. Nxe4 Qd7 14. h4 f6
15. h5 gxh5 16. Kh2 Ng6 17. Bh3 Nd4 18. Qd1 f5 19. Nxd4 Qxd4 20. Ng5 Qd5 21.
Rg1 Rae8 22. Bg2 Qd7 23. Bxb7 h6 24. Nf3 Qxb7 25. Nh4 Qe7 26. f4 Kh7 27. Qxh5
Nxh4 28. gxh4 Qd6 29. Rg5 exf4 30. Rxe8 Rxe8 31. Qf7+ 1-0

[Event "I Torneo Hotel Astoria A"]
[Site "Riva del Garda ITA"]
[Date "2003.12.27"]
[Round "2"]
[White "Weinberg, Emanuele"]
[Black "Trauth, Michael"]
[Result "1/2-1/2"]
[WhiteElo "1939"]
[BlackElo "2202"]
[PlyCount "41"]
[EventDate "2003.12.26"]

1. d4 Nf6 2. c4 c5 3. d5 b5 4. cxb5 a6 5. Nc3 axb5 6. e4 b4 7. Nb5 Ba6 8. e5
Qa5 9. exf6 Bxb5 10. Bxb5 Qxb5 11. fxe7 Bxe7 12. Qf3 O-O 13. Ne2 d6 14. O-O Nd7
15. Bf4 Ra6 16. a3 Rfa8 17. Ng3 Bf6 18. Nf5 Be5 19. Bxe5 Nxe5 20. Qg3 h6 21.
Nxd6 {...} 1/2-1/2

[Event "I Torneo Hotel Astoria A"]
[Site "Riva del Garda ITA"]
[Date "2003.12.27"]
[Round "3"]
[White "Luciani, Valerio"]
[Black "Brunello, Sabino"]
[Result "1/2-1/2"]
[WhiteElo "2194"]
[BlackElo "2206"]
[PlyCount "35"]
[EventDate "2003.12.26"]

1. d4 d5 2. c4 e6 3. Nc3 Nf6 4. Bg5 Be7 5. cxd5 exd5 6. e3 O-O 7. Bd3 Nbd7 8.
Qc2 Re8 9. Nf3 c6 10. O-O Nf8 11. Bxf6 Bxf6 12. b4 Be7 13. Rab1 Bd6 14. Rfc1
Re6 15. Bf5 Rh6 16. Bxc8 Rxc8 17. h3 Bb8 18. Qb3 {...} 1/2-1/2

[Event "I Torneo Hotel Astoria A"]
[Site "Riva del Garda ITA"]
[Date "2003.12.27"]
[Round "3"]
[White "Luetke, Jens"]
[Black "Roski, Ferdinand"]
[Result "1/2-1/2"]
[WhiteElo "2299"]
[BlackElo "2173"]
[PlyCount "30"]
[EventDate "2003.12.26"]

1. Nf3 Nf6 2. c4 g6 3. g3 Bg7 4. Bg2 O-O 5. O-O d6 6. Nc3 e5 7. d4 Nbd7 8. h3
c6 9. dxe5 Nxe5 10. Nxe5 dxe5 11. Qb3 Qe7 12. Be3 Be6 13. Rfd1 Rfd8 14. Rxd8+
Rxd8 15. Qa4 15... a6 {...} 1/2-1/2